20 Questions Wrong: Geography Quiz Stats

 Plays Quiz Updated Feb 15, 2017

Support Sporcle.
Go Orange.
Score 0/20 Timer 02:00
4 Plays Today
Question Answer Wrong Answers
What is the state capital of Illinois? Chicago
75.2%
Springfield
21.4%
The Greater Antilles are islands located in which sea? Mediterranean
74.4%
Caribbean
23%
How many South American countries begin with the letter C? 3
71.2%
2
21.3%
By area, which of the 7 continents is the smallest? Antarctica
68.9%
Oceania
30.9%
Which US state is the most recent to join the union? Alaska
67.1%
Hawaii
24.7%
Which African country was formerly known as Zaire? Republic of the Congo
64.9%
Democratic Republic of the Congo
25.5%
Which river is the largest in the world in terms of volume? Nile
64.3%
Amazon
23.1%
Which Canadian province is the largest by population? Quebec
63.9%
Ontario
29.6%
How many countries are entirely surrounded by another country? 4
62%
3
36.7%
Which country's capital is Dakar? Bangladesh
58.7%
Senegal
27.6%
What is the 2nd most populous city in the United Kingdom? Manchester
56.3%
Birmingham
34.9%
Which continent has the only 2 countries that have perfectly square flags? Asia
52.1%
Europe
42.5%
How many time zones does China have? 5
51.6%
1
37%
What is the most populous island in the world? Sumatra
50.9%
Java
33.6%
How many colours are on the South African flag? 7
50.7%
6
29.4%
The Atomium is a strangely-shaped building located in which city? Amsterdam
50.4%
Brussels
26.4%
What is the largest island in New Zealand by area? North Island
50%
South Island
32.5%
Which country has the highest population density in the world? Singapore
41.2%
Monaco
48.3%
Which mountain is the tallest outside of Asia? Kilimanjaro
33.9%
Aconcagua
39%
Karakalpakstan is an autonomous republic in the northwest of which country? Kyrgyzstan
31.4%
Uzbekistan
36.2%

You're not logged in!

Compare scores with friends on all Sporcle quizzes.
OR
Log In
Forgot?

From the Vault

Multiple Real People Disorder

by VikingDevil53

Acting can be a confusing profession.
Remove Ads.
Support Sporcle.
Get the best of Sporcle when you Go Orange. This ad-free experience offers more features, more stats, and more fun while also helping to support Sporcle. Thank you for becoming a member.

Show Comments

Extras

Top Quizzes Today


Score Distribution

Your Account Isn't Verified!

In order to create a playlist on Sporcle, you need to verify the email address you used during registration. Go to your Sporcle Settings to finish the process.

Report this User

Report this user for behavior that violates our Community Guidelines.

Details: